Political violence, organized crimes, terrorism, and youth (Record no. 9489)
[ view plain ]
| 000 -LEADER | |
|---|---|
| fixed length control field | 01648nam a2200373Ia 4500 |
| 001 - CONTROL NUMBER | |
| control field | ebr10267464 |
| 003 - CONTROL NUMBER IDENTIFIER | |
| control field | CaPaEBR |
| 006 - FIXED-LENGTH DATA ELEMENTS--ADDITIONAL MATERIAL CHARACTERISTICS--GENERAL INFORMATION | |
| fixed length control field | m u |
| 007 - PHYSICAL DESCRIPTION FIXED FIELD--GENERAL INFORMATION | |
| fixed length control field | cr cn||||||||| |
| 008 - FIXED-LENGTH DATA ELEMENTS--GENERAL INFORMATION | |
| fixed length control field | 080722s2008 ne a sb 101 0 eng d |
| 010 ## - LIBRARY OF CONGRESS CONTROL NUMBER | |
| Canceled/invalid LC control number | 2008933621 |
| 020 ## - INTERNATIONAL STANDARD BOOK NUMBER | |
| Cancelled/invalid ISBN | 1586039032 (pbk.) |
| Cancelled/invalid ISBN | 9781586039035 (pbk.) |
| 040 ## - CATALOGING SOURCE | |
| Original cataloging agency | CaPaEBR |
| Transcribing agency | CaPaEBR |
| 035 ## - SYSTEM CONTROL NUMBER | |
| System control number | (OCoLC)506070320 |
| 050 14 - LIBRARY OF CONGRESS CALL NUMBER | |
| Classification number | HV6431 |
| Item number | .N383427 2008eb |
| 111 2# - MAIN ENTRY--MEETING NAME | |
| Meeting name or jurisdiction name as entry element | NATO Advanced Research Workshop on Political Violence, Organized Crimes, Terrorism and Youth |
| Date of meeting | (2007 : |
| Location of meeting | Ankara, Turkey) |
| 245 10 - TITLE STATEMENT | |
| Title | Political violence, organized crimes, terrorism, and youth |
| Medium | [electronic resource] / |
| Statement of responsibility, etc | edited by M. Demet Ulusoy. |
| 260 ## - PUBLICATION, DISTRIBUTION, ETC. (IMPRINT) | |
| Place of publication, distribution, etc | Amsterdam ; |
| -- | Washington, DC : |
| Name of publisher, distributor, etc | IOS Press, |
| Date of publication, distribution, etc | c2008. |
| 300 ## - PHYSICAL DESCRIPTION | |
| Extent | xii, 253 p. : |
| Other physical details | ill. |
| 490 0# - SERIES STATEMENT | |
| Series statement | NATO science for peace and security series. E, Human and societal dynamics ; |
| Volume number/sequential designation | 46 |
| 504 ## - BIBLIOGRAPHY, ETC. NOTE | |
| Bibliography, etc | Includes bibliographical references and index. |
| 533 ## - REPRODUCTION NOTE | |
| Type of reproduction | Electronic reproduction. |
| Place of reproduction | Palo Alto, Calif. : |
| Agency responsible for reproduction | ebrary, |
| Date of reproduction | 2009. |
| Note about reproduction | Available via World Wide Web. |
| -- | Access may be limited to ebrary affiliated libraries. |
| 650 #0 - SUBJECT ADDED ENTRY--TOPICAL TERM | |
| Topical term or geographic name as entry element | International relations and terrorism |
| Form subdivision | Congresses. |
| Topical term or geographic name as entry element | Organized crime |
| Form subdivision | Congresses. |
| Topical term or geographic name as entry element | Security, International |
| Form subdivision | Congresses. |
| Topical term or geographic name as entry element | Terrorism |
| General subdivision | Prevention |
| Form subdivision | Congresses. |
| Topical term or geographic name as entry element | Youth |
| Form subdivision | Congresses. |
| 655 #7 - INDEX TERM--GENRE/FORM | |
| Genre/form data or focus term | Electronic books. |
| Source of term | local |
| 700 1# - ADDED ENTRY--PERSONAL NAME | |
| Personal name | Ulusoy, M. Demet. |
| 710 2# - ADDED ENTRY--CORPORATE NAME | |
| Corporate name or jurisdiction name as entry element | North Atlantic Treaty Organization. |
| Corporate name or jurisdiction name as entry element | ebrary, Inc. |
| 856 40 - ELECTRONIC LOCATION AND ACCESS | |
| Uniform Resource Identifier | <a href="http://site.ebrary.com/lib/rucke/Doc?id=10267464">http://site.ebrary.com/lib/rucke/Doc?id=10267464</a> |
| Public note | An electronic book accessible through the World Wide Web; click to view |
No items available.
